| 000 | 00510nam a22001937a 4500 | ||
|---|---|---|---|
| 003 | MPLRDC | ||
| 005 | 20220104183944.0 | ||
| 008 | 210129b ||||| |||| 00| 0 eng d | ||
| 020 | _a957-8942-43-5 | ||
| 082 | _a176.33 DHH-3 c.2 | ||
| 100 | _a多湖辉 | ||
| 245 |
_a增进记忆百招 _c程进东译 |
||
| 250 | _a初版一刷 | ||
| 260 |
_a台湾 _b新苗文化事业有限公司 _c1996 |
||
| 300 | _b平 | ||
| 490 | _a智慧文库. 7 | ||
| 650 | _a心理过程--记忆 | ||
| 942 |
_cBK _o176.33 DHH-3 c.2 |
||
| 999 |
_c62640 _d62630 |
||